Introduction to numerical ordinary and partial differential equations using MATLAB

Đã lưu trong:
書目詳細資料
主要作者: Stanoyevitch, Alexander
格式: 圖書
語言:Undetermined
出版: New Jersey Wiley 2005
主題:
標簽: 添加標簽
沒有標簽, 成為第一個標記此記錄!
Thư viện lưu trữ: Trung tâm Học liệu Trường Đại học Cần Thơ
LEADER 00617nam a2200205Ia 4500
001 CTU_94899
008 210402s9999 xx 000 0 und d
020 |c 106.65 
082 |a 515.352 
082 |b S787 
100 |a Stanoyevitch, Alexander 
245 0 |a Introduction to numerical ordinary and partial differential equations using MATLAB 
245 0 |c Alexander Stanoyevitch 
260 |a New Jersey 
260 |b Wiley 
260 |c 2005 
650 |a Differential equations 
650 |x Numerical solutions,Data processing 
904 |i Tuyến 
980 |a Trung tâm Học liệu Trường Đại học Cần Thơ